| 000 | 00490nam a22001937a 4500 | ||
|---|---|---|---|
| 003 | MPLRDC | ||
| 005 | 20220104114228.0 | ||
| 008 | 210129b ||||| |||| 00| 0 eng d | ||
| 020 | _a957-13-0136-1 | ||
| 082 | _a857.47 AYX | ||
| 100 | _a敖幼祥 | ||
| 245 |
_a短路西游记 _c |
||
| 250 | _a三版 | ||
| 260 |
_a _b时报文化出版企业股份 _c1990 |
||
| 300 | _b平 | ||
| 490 | _a时报漫画丛书. 78 | ||
| 650 | _a话本小说及章回--西游记 | ||
| 942 |
_cBK _o857.47 AYX |
||
| 999 |
_c5845 _d5835 |
||